MARC

LEADER 00000nam0a2200000 4500
001 95837
005 20231031110306.0
035 |a (RuTPU)RU\TPU\book\102601 
090 |a 95837 
100 |a 20060504d1988 k y0rusy50 ca 
101 0 |a rus 
102 |a RU 
105 |a y z 101zy 
200 1 |a Методы восстановлания и анализа динамики управляемых процессов  |e сборник статей  |f под ред. М. М. Хрусталева 
210 |a Москва  |c Мин-во обороны  |d 1988 
215 |a 123 с. 
225 1 |a Труды семинара "Проблемы управления сложными техническими системами"  |v Вып. 1 
320 |a Библиогр. в конце ст. 
610 1 |a вычислительная техника 
610 1 |a управляемые процессы 
610 1 |a технические системы 
610 1 |a динамика 
610 1 |a летательные аппараты 
675 |a 681.51  |v 3 
702 1 |a Хрусталев  |b М. М.  |4 340 
801 1 |a RU  |b 63413507  |c 20060504  |g PSBO 
801 2 |a RU  |b 63413507  |c 20070321  |g PSBO 
942 |c BK